| 000 | 00643nam a2200205Ia 4500 | ||
|---|---|---|---|
| 005 | 20250326144319.0 | ||
| 008 | 250326s9999 xx 000 0 und d | ||
| 020 | _a978-0-470-11478-0 | ||
| 037 | _aTextbook | ||
| 040 |
_aFMSL _beng _cFMSL |
||
| 041 |
_aeng _2eng |
||
| 084 |
_aX:8F P8 _qFMSL |
||
| 100 |
_aBiegelman M T _9749454 |
||
| 245 | 0 |
_aBuilding a world-class copliance program : best practices and strategies for success _cBiegelman M T; Biegelman D R |
|
| 260 |
_aNew Jersey _bNew Jersey, John Wiley _c2008 |
||
| 300 | _axx,298 | ||
| 365 | _b2274.3000000000002 | ||
| 942 |
_cTB _hX:8F P8 |
||
| 999 |
_c1303262 _d1303262 |
||